Ava Quiz - Statistics

General Stats
  • This quiz has been taken 4 times
  • The average score is 11 of 15
Answer Stats
Hint Answer % Correct
Who was my first solo artist concert Alec benjamin
100%
What hospital was I born in Fairfax
100%
What position do I play in soccer Midfield
100%
What class did I get my only 2 in in elementary school music
100%
pee pee poo poo
100%
What is my brother's birthday September 11,2004
100%
Who is on my graphing calculator Stewie
100%
How many pairs of Court lows have I had Three
100%
What type of animal was my first pet Turtle
100%
What is my cousin's name Kaya
50%
What sport did I quit in 7th grade when Covid Happened Rhythmic Gymnastics
50%
Who is my least favorite character in gilmore girls rory
50%
What video game am I currently playing Sims 4
50%
Who is my least favorite jedi in starwars Rey
0%
What is the name of my first pet (not a fish) Tuck
0%
No matching quizzes found
Score Distribution
Percent of People with Each Score
Percentile by Number Answered
Your Score History
You have not taken this quiz